000 00318nam a22001337a 4500
008 170728b xxu||||| |||| 00| 0 eng d
020 _a9780387208817
041 _aeng
080 _23RD
_a621
100 _a27
101 _aIM
245 _aAN INTEGRATED APPROACH TO SOFTWARE ENGINEERING
_cJALOTE,P
942 _2udc
_cBK
999 _c22102
_d22102